UBT Library

RESEARCH IN PHYSICAL EDUCATION RECREATION AND HEALTH (Record no. 8596)

000 -LEADER
fixed length control field 00292nam a22001217a 4500
008 - FIXED-LENGTH DATA ELEMENTS--GENERAL INFORMATION
fixed length control field 170324b xxu||||| |||| 00| 0 eng d
041 ## - LANGUAGE CODE
Language code of text/sound track or separate title eng
080 ## - UNIVERSAL DECIMAL CLASSIFICATION NUMBER
Universal Decimal Classification number 615.83
100 ## - Rafti
Rafti 8
101 ## - Shkurtesa
Shkurtesa SHM
245 ## - TITLE STATEMENT
Title RESEARCH IN PHYSICAL EDUCATION RECREATION AND HEALTH
Statement of responsibility, etc CLARKE.D.H
942 ## - ADDED ENTRY ELEMENTS (KOHA)
Source of classification or shelving scheme
Item type Books
Holdings
Withdrawn status Lost status Source of classification or shelving scheme Damaged status Not for loan Collection code Permanent location Current location Shelving location Date acquired Total Checkouts Full call number Barcode Date last seen Price effective from Koha item type
          Koleksioni i përgjithshem UBT - Lipjan UBT - Lipjan Koleksioni i lëndeve mesimore 03/24/2017   615.83 CLA 002-033669 03/24/2017 03/24/2017 Books
UBT Library © 2015-2024. All rights reserved University Education for Business and Technology